One Piece - Character Ages Quiz Stats

Quiz not verified by Sporcle

Also try: TV Couples
Challenge
Share
Tweet
Embed
Score 0/55 Timer 15:00
0 Plays Today
% Correct
17
70.1%
19
61.9%
17
60.5%
88
59.8%
15
58.6%
158
58.6%
19
57.7%
18
57%
9
57%
9
55.5%
158
55.5%
20
54.8%
9
54.1%
139
52%
16
47.7%
28
44.3%
72
43.3%
20
40.7%
24
36.9%
71
35.3%
28
34.6%
21
34.6%
34
33%
21
30.3%
25
28.7%
29
28.3%
39
28.2%
34
27.1%
% Correct
29
27%
44
26.6%
29
25.9%
41
25.4%
56
24.7%
37
24.3%
44
24.3%
25
24.3%
29
24.2%
45
23.8%
23
23.8%
53
23.7%
34
22.8%
30
22.4%
32
21.9%
39
21.7%
48
21.2%
47
21%
25
21%
38
20.9%
39
20.9%
38
19.3%
22
18.3%
45
17.7%
40
17.7%
35
16.9%
31
16.5%

You're not logged in!

Compare scores with friends on all Sporcle quizzes.
Join for Free
OR
Log In

You Might Also Like...

Show Comments

Extras

Created May 30, 2014SourceReportNominate
Tags:character, One Piece

Top Quizzes Today


Score Distribution

Your Account Isn't Verified!

In order to create a playlist on Sporcle, you need to verify the email address you used during registration. Go to your Sporcle Settings to finish the process.

Report this User

Report this user for behavior that violates our Community Guidelines.

Details: